Normal view
MARC view
- Silva, Carlos Nunes.
Entry Personal Name
001 - CONTROL NUMBER
- control field: 24196
003 - CONTROL NUMBER IDENTIFIER
- control field: NUST
005 - DATE AND TIME OF LATEST TRANSACTION
- control field: 20191017104800.0
008 - FIXED-LENGTH DATA ELEMENTS
- fixed length control field: 191017|| aca||aabn | a|a d
040 ## - CATALOGING SOURCE
- Original cataloging agency: NUST
- Transcribing agency: NUST
100 ## - HEADING--PERSONAL NAME
- Personal name: Silva, Carlos Nunes.
670 ## - SOURCE DATA FOUND
- Source citation: Work cat.: (NUST)0: Handbook of research on e-planning :, c2010.
